مقا ل (Record no. 87355)

MARC details
000 -LEADER
fixed length control field 01321nam a22002897a 4500
005 - DATE AND TIME OF LATEST TRANSACTION
control field 20170410152103.0
008 - FIXED-LENGTH DATA ELEMENTS--GENERAL INFORMATION
fixed length control field 140714b xxu||||| |||| 00| 0 Urdu d
010 ## - LCCN (DPL NO)
LC control number UR-8507 B-548006 B-665897
020 ## - INTERNATIONAL STANDARD BOOK NUMBER
International Standard Book Number 9789350733073
Terms of availability 225.00
035 ## - SYSTEM CONTROL NUMBER
System control number U-7062 B-548006 B-665897
037 ## - SOURCE OF ACQUISITION
Source of stock number/acquisition BPPD/Pub/Ven
037 ## - SOURCE OF ACQUISITION
Source of stock number/acquisition DBAD/Pub.
037 ## - SOURCE OF ACQUISITION
Source of stock number/acquisition Pansy Books(Vend.)/Edu.pub. House(Pub.)
040 ## - CATALOGING SOURCE
Original cataloging agency DPL
Language of cataloging Urdu
082 ## - DEWEY DECIMAL CLASSIFICATION NUMBER
Classification number 840.8
100 ## - MAIN ENTRY--PERSONAL NAME
Personal name صد يقی آ فا ق عا لم
245 ## - TITLE STATEMENT
Title مقا ل
Statement of responsibility, etc صد يقی آ فا ق عا لم
246 ## - VARYING FORM OF TITLE
Title proper/short title Maqal
Remainder of title by Siddiqui Aafaq Aalam
260 ## - PUBLICATION, DISTRIBUTION, ETC. (IMPRINT)
Place of publication, distribution, etc د ھلی
Name of publisher, distributor, etc ا يجو کيشنل پبليشنگ ہا ؤس
Date of publication, distribution, etc 2014
260 ## - PUBLICATION, DISTRIBUTION, ETC. (IMPRINT)
Name of publisher, distributor, etc Pansy Books(Vender)
270 ## - ADDRESS
Address 3108،و کيل اسٹر يٹ ،کو چہ پنڈ ت ،لال کنو ا ن
City د ھلی
Postal code 110006
Telephone number 23216162،23214465
270 ## - ADDRESS
Address R2,/66/A Somesh Vihar,Chhawala
City New Delhi
Postal code 110071
Telephone number 01125317355
300 ## - PHYSICAL DESCRIPTION
Extent 212ص
Dimensions 22Cm (Hb)
942 ## - ADDED ENTRY ELEMENTS (KOHA)
Source of classification or shelving scheme Dewey Decimal Classification
Item type Urdu Bks
Edition
Classification part 840.8
Call number suffix ص د ی
Holdings
Withdrawn status Lost status Source of classification or shelving scheme Damaged status Not for loan Collection code Home library Current library Date acquired Source of acquisition Cost, normal purchase price Total Checkouts Full call number Barcode Date last seen Copy number Cost, replacement price Koha item type
    Dewey Decimal Classification     Non-fiction Ashok Vihar Ashok Vihar 10/04/2017 BPPD/UR/2014-15/AV/16-17/656/17.217//P/1638/6.3.17/8.3.17 225.00   840.8 ص د ی B-665897 10/04/2017 1 225.00 Urdu Bks
    Dewey Decimal Classification     Non-fiction Central Library Central Library 19/11/2014 BPPD/UR/2014-15/125/01-08-2014/1469/14/08/2014/2/09/2014 225.00 2 840.8 ص د ی B-548006 19/02/2018 1 225.00 Urdu Bks
    Dewey Decimal Classification   Not For Loan Non-fiction D.B.Act.Division D.B.Act.Division 27/01/2015 DBAD/PUB 225.00   840.8 ص د ی U-7062 27/01/2015 1 225.00 Urdu Bks

© Delhi Public Library
Hit Counter
free hit counter